MARC details
| 000 -LEADER |
| campo de control de longitud fija |
01962nam a2200445 i 4500 |
| 001 - NÚMERO DE CONTROL |
| campo de control |
12673 |
| 003 - IDENTIFICADOR DE NÚMERO DE CONTROL |
| campo de control |
ES-MaACL |
| 005 - FECHA Y HORA DE LA ÚLTIMA TRANSACCIÓN |
| campo de control |
20250803063029.0 |
| 007 - CAMPO FIJO DE DESCRIPCIÓN FÍSICA--INFORMACIÓN GENERAL |
| campo de control de longitud fija |
t| |
| 008 - DATOS DE LONGITUD FIJA--INFORMACIÓN GENERAL |
| campo de control de longitud fija |
960731s1996 sp |||| | spa j |
| 017 ## - NÚMERO DE COPYRIGHT O DE DEPÓSITO LEGAL |
| Número de copyright o de depósito legal |
M 19579-1996 |
| Agencia que asigna |
Oficina Depósito Legal Madrid |
| 020 ## - NÚMERO INTERNACIONAL ESTÁNDAR DEL LIBRO |
| Número Internacional Estándar del Libro |
84-7100-668-5 |
| 080 ## - NÚMERO DE LA CLASIFICACIÓN DECIMAL UNIVERSAL |
| Número de la Clasificación Decimal Universal |
981".../1500" |
| 080 ## - NÚMERO DE LA CLASIFICACIÓN DECIMAL UNIVERSAL |
| Número de la Clasificación Decimal Universal |
327(81:469)"15" |
| 080 ## - NÚMERO DE LA CLASIFICACIÓN DECIMAL UNIVERSAL |
| Número de la Clasificación Decimal Universal |
327(469:81)"15" |
| 100 1# - ENTRADA PRINCIPAL--NOMBRE DE PERSONA |
| Nombre de persona |
Couto, Jorge, |
| Fechas asociadas al nombre |
1951- |
| Término indicativo de función/relación |
Autor |
| 9 (RLIN) |
41326 |
| 245 10 - MENCIÓN DEL TÍTULO |
| Título |
Portugal y la construcción de Brasil / |
| Mención de responsabilidad, etc. |
Jorge Couto |
| 260 ## - PUBLICACIÓN, DISTRIBUCIÓN, ETC. |
| Lugar de publicación, distribución, etc. |
Madrid : |
| Nombre del editor, distribuidor, etc. |
MAPFRE, |
| Fecha de publicación, distribución, etc. |
[1996] |
| 300 ## - DESCRIPCIÓN FÍSICA |
| Extensión |
415 páginas ; |
| Dimensiones |
23 cm |
| 490 1# - MENCIÓN DE SERIE |
| Mención de serie |
Colección Portugal y el mundo |
| Designación de volumen o secuencia |
6 |
| RLIN |
179026 |
| 490 1# - MENCIÓN DE SERIE |
| Mención de serie |
Colecciones MAPFRE 1492 |
| RLIN |
241455 |
| 500 ## - NOTA GENERAL |
| Nota general |
Índices |
| 504 ## - NOTA DE BIBLIOGRAFÍA, ETC. |
| Nota de bibliografía, etc. |
Bibliografía: páginas [399]-401 |
| 505 ## - NOTA DE CONTENIDO CON FORMATO |
| Nota de contenido con formato |
El espacio geográfico; Las sociedades indígenas; El descubrimiento; El tiempo de las factorías; Los modelos de colonización; Avances y resistencias; La organización económica y social; La aculturación; Anexos |
| 530 ## - NOTA DISPONIBLE DE FORMULARIO FÍSICO ADICIONAL |
| Nota de formato físico adicional disponible |
Disponible en formato digital |
| 650 #4 - PUNTO DE ACCESO ADICIONAL DE MATERIA--TÉRMINO DE MATERIA |
| Término de materia o nombre geográfico como elemento de entrada |
Personas negras- |
| Subdivisión geográfica |
Brasil |
| 9 (RLIN) |
241499 |
| 650 #4 - PUNTO DE ACCESO ADICIONAL DE MATERIA--TÉRMINO DE MATERIA |
| Término de materia o nombre geográfico como elemento de entrada |
Indios de Brasil- |
| Subdivisión general |
Historia |
| 9 (RLIN) |
13685 |
| 651 #7 - PUNTO DE ACCESO ADICIONAL DE MATERIA--NOMBRE GEOGRÁFICO |
| Nombre geográfico |
Brasil- |
| Subdivisión general |
Descubrimientos y exploraciones- |
| -- |
Portugueses |
| 9 (RLIN) |
169448 |
| 651 #7 - PUNTO DE ACCESO ADICIONAL DE MATERIA--NOMBRE GEOGRÁFICO |
| Nombre geográfico |
Brasil- |
| Subdivisión general |
Relaciones- |
| Subdivisión geográfica |
Portugal |
| 9 (RLIN) |
157003 |
| 651 #7 - PUNTO DE ACCESO ADICIONAL DE MATERIA--NOMBRE GEOGRÁFICO |
| Nombre geográfico |
Portugal- |
| Subdivisión general |
Relaciones- |
| Subdivisión geográfica |
Brasil |
| 9 (RLIN) |
157004 |
| 710 2# - ENTRADA AGREGADA--NOMBRE DE ENTIDAD CORPORATIVA |
| Nombre de entidad corporativa o nombre de jurisdicción como elemento de entrada |
Fundación MAPFRE América |
| Término indicativo de función/relación |
entidad responsable |
| 9 (RLIN) |
4363 |
| 710 2# - ENTRADA AGREGADA--NOMBRE DE ENTIDAD CORPORATIVA |
| Nombre de entidad corporativa o nombre de jurisdicción como elemento de entrada |
Fundación MAPFRE |
| Término indicativo de función/relación |
Editor |
| 9 (RLIN) |
4362 |
| 830 #0 - PUNTO DE ACCESO ADICIONAL DE SERIE-TÍTULO UNIFORME |
| Título uniforme |
Colección Portugal y el mundo |
| Designación de volumen o secuencia |
6 |
| 9 (RLIN) |
179026 |
| 830 #0 - PUNTO DE ACCESO ADICIONAL DE SERIE-TÍTULO UNIFORME |
| Título uniforme |
Colecciones MAPFRE 1492 |
| 9 (RLIN) |
241455 |
| 852 ## - LOCALIZACIÓN |
| Ubicación |
ES-MaACL |
| Ubicación en estantería |
Depósito 2 |
| Número de control de estantería |
L-20054 |
| 856 ## - LOCALIZACIÓN Y ACCESO ELECTRÓNICOS |
| Identificador Uniforme de Recursos |
<a href="https://archive.org/details/couto-j.-portugal-y-la-construccion-de-brasil-mapfre-1492-1996/mode/2up">https://archive.org/details/couto-j.-portugal-y-la-construccion-de-brasil-mapfre-1492-1996/mode/2up</a> |
| Texto de enlace |
Versión en línea |
| Nota pública |
(Internet Archive) |
| Método de acceso |
Disponible en formato digital |
| 856 ## - LOCALIZACIÓN Y ACCESO ELECTRÓNICOS |
| Identificador Uniforme de Recursos |
<a href="https://archive.org/details/couto-j.-portugal-y-la-construccion-de-brasil-1996">https://archive.org/details/couto-j.-portugal-y-la-construccion-de-brasil-1996</a> |
| Texto de enlace |
Versión en línea |
| Nota pública |
(Internet Archive) |
| 942 ## - ELEMENTOS DE ENTRADA SECUNDARIOS (KOHA) |
| Fuente del sistema de clasificación o colocación |
Clasificación decimal universal |